Derecho Internacional privado : (Registro nro. 7296)

Detalles MARC
000 -LEADER
fixed length control field 01196cam a2200277 a 4500
003 - CONTROL NUMBER IDENTIFIER
control field OSt
005 - DATE AND TIME OF LATEST TRANSACTION
control field 20210223132941.0
008 - FIXED-LENGTH DATA ELEMENTS--GENERAL INFORMATION
fixed length control field 020206s2001 ck abo r 0 0 0 spa d
020 ## - INTERNATIONAL STANDARD BOOK NUMBER
International Standard Book Number 9586830349
040 ## - CATALOGING SOURCE
Original cataloging agency CO-BoPUJ
Transcribing agency CO-JMCR
041 0# - LANGUAGE CODE
Language code of text/sound track or separate title spa
082 04 - DEWEY DECIMAL CLASSIFICATION NUMBER
Classification number 340.9
Item number A473d
Edition number 23
100 1# - MAIN ENTRY--PERSONAL NAME
Personal name Álvarez Londoño, Luis Fernando
Titles and words associated with a name autor
9 (RLIN) 13819
245 10 - TITLE STATEMENT
Title Derecho Internacional privado :
Remainder of title (Parte general) /
Statement of responsibility, etc. Luis Fernando Álvarez Londoño, S.J. y Diego Ricardo Galán Barrera ; presentación Herman Galán Castellanos ; prólogo Óscar Eduardo Guardiola Rivera
250 ## - EDITION STATEMENT
Edition statement Primera edición
260 ## - PUBLICATION, DISTRIBUTION, ETC.
Place of publication, distribution, etc. Bogotá :
Name of publisher, distributor, etc. Pontificia Universidad Javeriana,
Date of publication, distribution, etc. 2001.
300 ## - PHYSICAL DESCRIPTION
Extent 330 p.
440 #0 - SERIES STATEMENT/ADDED ENTRY--TITLE
Title Colección estudios de derecho internacional
Volume/sequential designation 3
9 (RLIN) 13820
504 ## - BIBLIOGRAPHY, ETC. NOTE
Bibliography, etc. note Incluye referencias bibliográficas.
650 24 - SUBJECT ADDED ENTRY--TOPICAL TERM
Topical term or geographic name entry element Derecho internacional privado
9 (RLIN) 13821
700 1# - ADDED ENTRY--PERSONAL NAME
Personal name Galán Barrera, Diego Ricardo
Relator term autor
9 (RLIN) 13822
700 1# - ADDED ENTRY--PERSONAL NAME
Personal name Guardiola Rivera, Óscar Eduardo
Relator term prologuista
9 (RLIN) 13823
700 1# - ADDED ENTRY--PERSONAL NAME
Personal name Galán Castellanos, Herman
Relator term prologuista
9 (RLIN) 13824
942 ## - ADDED ENTRY ELEMENTS (KOHA)
Source of classification or shelving scheme Dewey Decimal Classification
Koha item type Books
Existencias
Withdrawn status Lost status Source of classification or shelving scheme Damaged status Not for loan Home library Current library Shelving location Date acquired Source of acquisition Total Checkouts Full call number Barcode Date last seen Copy number Price effective from Koha item type
    Dewey Decimal Classification     Biblioteca Pública José María del Castillo y Rada Biblioteca Pública José María del Castillo y Rada General Stacks 10/02/2020 Donación   340.9 / A473d 201810597 05/16/2024 Ej.1 10/02/2020 Books